000 00971nam a22001337a 4500
008 220802b |||||||| |||| 00| 0 eng d
020 _a9789993617136
082 _a920 CHO
100 _aChogyal, Gelong Tenzin
245 _aདགེ་སློང་བསྟན་འཛིན་ཆོས་རྒྱལ་གྱིས་མཛད་པའི་རྒྱལ་གྱིས་མཛད་པའི་རྒྱལ་ཀུན་ཁྱབ་བདག་འགྲོ་བའི་བླ་མ་བསྟན་འཛིན་རིན་པོ་ཆེ་ལེགས་པའི་དོན་གྲུབ་ཞབས་ཀྱི་རྣམ་ཐར་པ་ངོ་མཚར་ནོར་བུའི་སྡོང་ཞེས་བྱ་བ་བཞུགས་སོ།
_bThe Marvellous Gem of Veneration
_cBiography of Tenzin Legpai Dondrub
260 _aThimphu :
_bNational Library and Archives of Bhutan,
_c2011.
300 _axlvi, 221 p.
_c22 cm.
942 _2ddc
999 _c9060
_d9061